000 08054nam a22006257a 4500
005 20120209114757.0
010 _aB-473615-645
020 _c50.00
_a9788185586175
035 _aB-473615-645
037 _bब्लूबेरी बुक्स
082 _a
100 _aमेहदी, सुग़रा
_950837
245 _aपारो की कहानी /
_cसुग़रा मेहदी;सुब्बा घोश द्वारा चित्रांकित
250 _a5वां संस्क
260 _aनई दिल्ली
_bकथा
_c2010
270 _aए-3 सर्वोदय एनक्लेव, श्री औरोबिन्दो मार्ग
_bनई दिल्ली
_e110017
300 _a19पृ.
_bसचित्र
_c22सेमी (अजिल्द)
500 _aमूल उर्दू भाषा से अनूदित व रूपांतरित
700 _aघोश, सुब्बा
_941293
700 _941305
942 _2ddc
_cCH
_h
_mमेहदी
999 _c62369
_d62369